Contemporary cases in consumer behavior / (Record no. 1560)

000 -LEADER
fixed length control field 00940pam a2200289 a 4500
001 - CONTROL NUMBER
control field 3873280
003 - CONTROL NUMBER IDENTIFIER
control field OSt
005 - DATE AND TIME OF LATEST TRANSACTION
control field 20150319121550.0
008 - FIXED-LENGTH DATA ELEMENTS--GENERAL INFORMATION
fixed length control field 890810s1990 ilua 000 0 eng
010 ## - LIBRARY OF CONGRESS CONTROL NUMBER
LC control number 89039290
020 ## - INTERNATIONAL STANDARD BOOK NUMBER
International Standard Book Number 0030323177
040 ## - CATALOGING SOURCE
Original cataloging agency DLC
Transcribing agency DLC
Modifying agency DLC
050 00 - LIBRARY OF CONGRESS CALL NUMBER
Classification number HF5415.3.B5 1990
082 00 - DEWEY DECIMAL CLASSIFICATION NUMBER
Classification number 658.8/342
Edition number 20
100 1# - MAIN ENTRY--PERSONAL NAME
Personal name Blackwell, Roger D.
245 10 - TITLE STATEMENT
Title Contemporary cases in consumer behavior /
Statement of responsibility, etc Roger D. Blackwell, W. Wayne Talarzyk, James F. Engel.
250 ## - EDITION STATEMENT
Edition statement 3rd ed.
260 ## - PUBLICATION, DISTRIBUTION, ETC. (IMPRINT)
Place of publication, distribution, etc Chicago :
Name of publisher, distributor, etc Dryden Press,
Date of publication, distribution, etc c1990.
300 ## - PHYSICAL DESCRIPTION
Extent x, 517 p. :
Other physical details ill. ;
Dimensions 23 cm.
650 #0 - SUBJECT ADDED ENTRY--TOPICAL TERM
Topical term or geographic name as entry element Consumer behavior
General subdivision Case studies.
650 #0 - SUBJECT ADDED ENTRY--TOPICAL TERM
Topical term or geographic name as entry element Marketing research
General subdivision Case studies.
700 1# - ADDED ENTRY--PERSONAL NAME
Personal name Talarzyk, W. Wayne.
700 1# - ADDED ENTRY--PERSONAL NAME
Personal name Engel, James F.
906 ## - LOCAL DATA ELEMENT F, LDF (RLIN)
a 7
b cbc
c orignew
d 1
e ocip
f 19
g y-gencatlg
942 ## - ADDED ENTRY ELEMENTS (KOHA)
Source of classification or shelving scheme
Koha item type Book
Holdings
Withdrawn status Lost status Source of classification or shelving scheme Damaged status Not for loan Home library Current library Shelving location Date acquired Total Checkouts Full call number Barcode Date last seen Date checked out Copy number Price effective from Koha item type
          Riara University Library Riara University Library General stack 19/03/2015 1 HF5415.3.B5 1990 5377/15 24/03/2016 12/03/2016 C.1 19/03/2015 Book

Riara University Library,
P.O. Box 49940-00100,
Nairobi, Kenya.